Zadymiarze na literę,,B'' Brawl stars 2024 - Statystyki

Ogólne statystyki
  • Ten quiz został rozwiązany 504 razy
  • Średni wynik to 6 z 11
Statystyki odpowiedzi
Rzadkość Zadymiarze na ,,B'' % Poprawnych
Rzadki Barley
79%
Rzadki Brock
72%
Epicki Bo
68%
Rzadki Bull
67%
Epicki Bibi
65%
Epicki Bea
51%
Mityczny Byron
42%
Mityczny Buzz
39%
Epicki Bonnie
34%
Epicki Belle
30%
Mityczny Buster
26%
Nie znaleziono quizów pasujących do podanych kryteriów
Rozkład punktacji
Procent ludzi z każdym wynikiem
Percentyl według liczby udzielonych odpowiedzi
Twoja historia wyników
Nie rozwiązałeś tego quizu